[Event "Opocensky Memorial 2019"]
[Site "Prague"]
[Date "2019.06.23"]
[Round "1.1"]
[White "Pulpan, Jakub"]
[Black "Sokolov, Alexander"]
[Result "1/2-1/2"]
[WhiteElo "2414"]
[BlackElo "2382"]
[Annotator "TA"]
[PlyCount "53"]
[EventDate "2019.06.22"]
[EventType "tourn"]
[EventCountry "CZE"]
[SourceTitle "playchess.com"]
[Source "ChessBase"]
[SourceQuality "1"]

{[%evp 36,53,72,69,47,55,67,67,35,60,364,373,417,0,0,0,0,0,0,-214]} 1. e4 c5 2. Nf3 d6 3. d4 cxd4 4. Nxd4 Nf6 5. Nc3 g6 6. Be3 Bg7 7. f3 Nc6 8. Bc4 O-O 9. Qd2 Bd7 10. h4 Rc8 11. Bb3 h5 12. O-O-O Ne5 13. Bg5 Rc5 14. Kb1 b5 15. g4 hxg4 16. h5 Nxh5 17. Nd5 Re8 18. Rxh5 gxh5 19. Qh2 $1 Rxd5 $1 {B78: Sicilian Dragon: Yugoslav Attack, 9 Bc4 Bd7 10 0-0-0 Rc8} (19... gxf3 20. Qxh5 Bg4 21. Qh4 Rc4 22. Bxc4 bxc4 23. Nxe7+ Rxe7 24. Bxe7 Qd7 25. Rh1 f5 26. exf5 Bxf5 27. Bf6 {1-0 (39) Kulaots,K (2555)-Shirov,A (2637) Viljandi 2018}) 20. Bxd5 Qb6 21. Nf5 Bxf5 {White is slightly better.} (21... Nxf3 $2 22. Qxh5 e6 23. Nxg7 $18) ({Avoid the trap} 21... gxf3 $2 22. Be3 $18) 22. exf5 gxf3 $2 {[%mdl 8192]} (22... Qc5 $14) 23. Qxh5 $18 {And now Bf4 would win.} Rc8 {[#]} 24. Rh1 $2 ({White has to play} 24. Bf4 $1 $18 {[%cal Rf4e5] White threatens Bxe5 and mate.} Qf2 25. Rc1) 24... Qc5 $1 $11 {[%cal Rc5c2] The position is equal.} ({Not} 24... Kf8 $2 25. Bh6 $18) 25. Bb3 $146 ({Predecessor:} 25. Be4 Kf8 26. Qh4 f6 27. Bh6 Bxh6 28. Qxh6+ Ke8 29. Qd2 Nc4 30. Qc3 b4 31. Qd3 Qe5 32. c3 Qxe4 {0-1 (32) Kiss,G (2259)-Gara,A (2288) Paks 1999}) 25... Kf8 26. Qh7 {Strongly threatening Bh6.} Bf6 {...Ke8 is the strong threat.} 27. Qh6+ $2 (27. c3 $1 $11 {and White has nothing to worry.} a6 {[#]} 28. Be6 $1 {[%mdl 512]} Bg7 29. Bh6 Qg1+ 30. Rxg1 fxe6 31. fxe6 Ng6 32. Qxg6 Bxh6 33. Qg8#) 1/2-1/2

[Event "Opocensky Memorial 2019"]
[Site "Prague"]
[Date "2019.06.23"]
[Round "1.2"]
[White "Plischki, Sebastian"]
[Black "Sahidi, Samir"]
[Result "1/2-1/2"]
[WhiteElo "2420"]
[BlackElo "2380"]
[Annotator "TA"]
[PlyCount "98"]
[EventDate "2019.06.22"]
[EventType "tourn"]
[EventCountry "CZE"]
[SourceTitle "playchess.com"]
[Source "ChessBase"]
[SourceQuality "1"]

{[%evp 14,98,19,21,33,0,52,52,54,51,52,47,81,44,50,27,25,27,93,81,110,101,121,120,115,98,177,175,180,179,181,172,254,256,247,95,89,98,106,67,67,57,68,66,66,48,59,56,56,50,65,55,67,71,68,37,44,15,131,63,60,8,8,5,2,5,8,5,13,0,0,0,0,0,4,5,7,0,0,0,0,0,0,0,0,0,0]} 1. d4 Nf6 2. c4 e6 3. Nf3 b6 4. g3 Bb7 5. Bg2 Be7 6. Nc3 O-O 7. O-O Re8 8. d5 Bb4 {E17: Queen's Indian: 4 g3 Bb7 5 Bg2 Be7} 9. Nd4 (9. Nh4 Bxc3 10. bxc3 e5 11. e4 d6 12. f4 Nbd7 13. fxe5 dxe5 14. Nf5 Ba6 15. Qe2 h6 16. Be3 {1-0 (64) Zherebukh,Y (2642)-Taghizadeh,R (2351) New York 2017}) 9... c6 $146 (9... Bxc3 $1 $11 10. bxc3 exd5) ({Predecessor:} 9... e5 10. Nf5 Bxc3 11. bxc3 d6 12. e4 Nbd7 13. g4 Nc5 14. Re1 Ba6 15. g5 Nfd7 16. Bf1 {½-½ (54) Mikhailov-Tydykov,A Novokuznetsk 1997}) 10. e4 $14 {Black must now prevent e5.} cxd5 {White is slightly better.} 11. exd5 exd5 12. Nf5 {[%cal Rc3d5]} Na6 13. Nxd5 Nxd5 14. Bxd5 (14. Qd4 {keeps more tension.} Bf8 15. cxd5 d6 16. b4 Qd7 17. g4) 14... Bxd5 15. Qxd5 Nc7 {[#]} (15... Qf6 $11) 16. Qf3 $1 $40 {[%mdl 128] White has strong attack.} Ne6 17. Rd1 Qc7 18. b3 Qc6 19. Qg4 Kh8 {[#]} (19... Bc3 $16 {keeps fighting.} 20. Rb1 Nc5) 20. Bb2 $1 $18 {[%cal Rb2g7][%mdl 512]} f6 21. Rd5 Bf8 22. Rad1 Rad8 (22... Nc5 $142 23. Nd4 Qb7) 23. h4 Nc5 24. Rd6 $2 (24. h5 $18) 24... Qe4 $16 25. Qxe4 Rxe4 26. R6d4 (26. R6d2 {is more complex.} Ree8 27. Kg2 Kg8 28. Kf3 Re6 29. Nd4) 26... Re2 27. R1d2 Rxd2 28. Rxd2 Kg8 29. h5 Kf7 30. Kg2 Ne6 31. f4 Bb4 32. Rd1 Bc5 33. Kf3 Nc7 34. Bc3 d5 35. g4 g6 (35... d4 $11 36. Bd2 (36. Nxd4 Ne6 $11) 36... Ne6) 36. hxg6+ (36. Nh6+ $16 Ke7 37. hxg6 hxg6 38. Re1+ Kd7 39. Bxf6) 36... hxg6 $14 37. Ng3 (37. Nh6+ $14 Kg7 38. g5) 37... Re8 $11 {...Re3+ is the strong threat.The position is equal.} 38. Bd4 Bxd4 39. Rxd4 dxc4 40. Rxc4 {[%mdl 4096] Endgame KRN-KRN} Re7 41. f5 Nd5 42. fxg6+ Kxg6 43. Nf5 Rc7 44. Rd4 Ne7 45. Nxe7+ (45. Kf4 {is interesting.} Kf7 46. Rd2 Ng6+ 47. Ke4 Nf8 48. Rd6) 45... Rxe7 46. a4 Rc7 47. b4 Kg5 48. Rd5+ Kg6 49. Rd4 Kg5 {Accuracy: White = 54%, Black = 51%.} 1/2-1/2

[Event "Opocensky Memorial 2019"]
[Site "Prague"]
[Date "2019.06.29"]
[Round "1.3"]
[White "Burdalev, Kirill"]
[Black "Sergeev, Vladimir"]
[Result "1/2-1/2"]
[WhiteElo "2385"]
[BlackElo "2411"]
[Annotator "TA"]
[PlyCount "28"]
[EventDate "2019.06.22"]
[EventType "tourn"]
[EventCountry "CZE"]
[SourceTitle "playchess.com"]
[Source "ChessBase"]
[SourceQuality "1"]

{[%evp 15,28,36,27,21,10,10,23,0,0,0,0,0,29,25,19]} 1. e4 e5 2. Nf3 Nc6 3. Bc4 Bc5 4. c3 Nf6 5. d3 O-O 6. O-O d5 7. exd5 Nxd5 8. Re1 Bg4 9. Nbd2 {C54: Giuoco Piano: 4 c3 Nf6, main lines with 5 d4 and 5 d3} Nb6 10. h3 Bh5 11. Bb3 Qxd3 12. Nxe5 Qf5 $1 (12... Bxd1 13. Nxd3 Bxb3 14. axb3 Be7 15. b4 a6 16. Ne4 Nd7 {1-0 (40) Giri,A (2797)-Harikrishna,P (2723) Shenzhen 2019}) 13. Nef3 $1 {[#]} Bg6 $146 ({Predecessor:} 13... Rad8 14. g4 Bxg4 15. hxg4 Qxg4+ 16. Kh1 Qh3+ {½-½ (31) Michalik,P (2565)-Shirov,A (2667) Prague 2019}) 14. Ne4 {Nh4 is the strong threat.} Rad8 1/2-1/2

[Event "Opocensky Memorial 2019"]
[Site "Prague"]
[Date "2019.06.23"]
[Round "1.4"]
[White "Ivanov, Mikhail M"]
[Black "Neuman, Petr"]
[Result "1/2-1/2"]
[WhiteElo "2366"]
[BlackElo "2395"]
[Annotator "TA"]
[PlyCount "28"]
[EventDate "2019.06.22"]
[EventType "tourn"]
[EventCountry "CZE"]
[SourceTitle "playchess.com"]
[Source "ChessBase"]
[SourceQuality "1"]

{[%evp 11,20,16,23,0,0,-4,0,0,0,-11,2]} 1. d4 d5 2. c4 c6 3. cxd5 cxd5 4. Nc3 Nf6 5. Bf4 Nc6 6. e3 Bg4 7. Be2 {D10: Slav Defence: 3 cxd5 (without early Nf3) and 3 Nc3} Bxe2 {The position is equal.} 8. Qxe2 e6 9. Nf3 Be7 10. Ne5 (10. O-O O-O 11. Rfc1 Rc8 12. Ne5 Nxe5 13. Bxe5 Nd7 14. Bg3 Rc6 {½-½ (30) Iturrizaga Bonelli,E (2636)-Dreev,A (2649) Bastia 2018}) 10... O-O {Predecessor:} 11. O-O $146 Nd7 12. Nd3 Rc8 13. Rfc1 Bg5 14. Bxg5 Qxg5 {½-½ (23) Berebora,F (2407)-Varga,P (2418) Hungary 2012} 1/2-1/2

[Event "Opocensky Memorial 2019"]
[Site "Prague"]
[Date "2019.06.23"]
[Round "1.5"]
[White "Kourousis, Epaminondas"]
[Black "Kozusek, Daniel"]
[Result "1-0"]
[WhiteElo "2394"]
[BlackElo "2339"]
[Annotator "TA"]
[PlyCount "63"]
[EventDate "2019.06.22"]
[EventType "tourn"]
[EventCountry "CZE"]
[SourceTitle "playchess.com"]
[Source "ChessBase"]
[SourceQuality "1"]

{[%evp 11,63,25,44,-12,20,11,20,0,0,0,11,0,0,0,39,15,9,0,122,139,140,127,170,168,223,214,236,236,243,205,232,228,275,242,287,229,265,262,302,302,303,303,344,341,337,331,357,346,357,356,427,420,600,593]} 1. d4 e6 2. g3 Nf6 3. Bg2 d5 4. c4 Be7 5. Nf3 O-O 6. O-O dxc4 7. Qa4 {E05: Open Catalan: 5 Nf3 Be7} ({White should play} 7. Ne5 $14) (7. Qc2 a6 8. Qxc4 b5 9. Qc2 Bb7 10. Bd2 Be4 11. Qc1 c6 12. Rd1 Nbd7 13. Nc3 Bg6 14. a3 Rc8 15. b4 Nd5 16. Be1 Qc7 17. e3 h6 18. Qb2 N5b6 19. Qe2 {½-½ (31) Yu,Y (2751)-Giri,A (2797) Shenzhen 2019}) 7... b6 8. Ne5 Qxd4 9. Bxa8 {[#] And now Nf3 would win.The position is equal.} Qxe5 10. Nc3 Bd7 $146 ({Predecessor:} 10... Nd5 11. Bd2 Ba6 12. Bxd5 exd5 13. Bf4 Qe6 14. Rad1 Bb7 15. Qxa7 Bc6 16. e4 dxe4 17. Qxc7 g5 18. Bd6 Re8 19. Bxe7 Qxe7 20. Qxe7 Rxe7 21. Rd8+ {1-0 (21) Grigorov,G (2506)-Thybo,T (2146) Helsingor 2018}) 11. Qxc4 c6 $1 12. Rd1 b5 13. Qf4 $36 {[%mdl 2048] White has the initiative.} Qh5 14. Qf3 {aiming for Qxh5.} Qxf3 (14... Ng4 $1 $11 {keeps the balance.}) 15. exf3 $16 Nd5 16. Bb7 b4 17. Nxd5 exd5 (17... cxd5 {is a better defense.} 18. Be3 a6) 18. Be3 $18 a5 19. Rac1 Bf6 20. Rd2 Re8 21. Kg2 a4 22. Rc5 h5 23. h4 Re7 24. Bf4 Bf5 25. Bxc6 ({Less strong is} 25. Bxb8 Rxb7 26. Bf4 Bb1 $16) 25... Nxc6 26. Rxc6 d4 27. Rb6 a3 28. Rxb4 axb2 29. Rbxb2 ({But not} 29. Rdxb2 Ra7 $18) 29... d3 30. Rb5 Bg6 31. Bg5 Bc3 (31... Bxg5 $142 32. hxg5 f6 33. gxf6 gxf6) 32. Rxd3 {Accuracy: White = 85%, Black = 20%.} 1-0

[Event "Opocensky Memorial 2019"]
[Site "Prague"]
[Date "2019.06.23"]
[Round "2.1"]
[White "Sokolov, Alexander"]
[Black "Kozusek, Daniel"]
[Result "1/2-1/2"]
[WhiteElo "2382"]
[BlackElo "2339"]
[Annotator "NA"]
[PlyCount "39"]
[EventDate "2019.06.22"]
[EventType "tourn"]
[EventCountry "CZE"]
[SourceTitle "playchess.com"]
[Source "ChessBase"]
[SourceQuality "1"]
[TimeControl "5400+30"]

1. e4 {[%emt 0:00:00]} e6 {[%emt 0:00:00]} 2. d4 {[%emt 0:00:00]} d5 {[%emt 0:00:02]} 3. Nd2 {[%emt 0:00:00]} Nf6 {[%emt 0:00:04]} 4. e5 {[%emt 0:00:00]} Nfd7 {[%emt 0:00:09]} 5. c3 {[%emt 0:00:13]} c5 {[%emt 0:00:06]} 6. Bd3 {[%emt 0:00:05]} Nc6 {[%emt 0:00:04]} 7. Ne2 {[%emt 0:00:07]} cxd4 {[%emt 0:00:04]} 8. cxd4 {[%emt 0:00:05]} f6 {[%emt 0:00:04]} 9. exf6 {[%emt 0:00:05]} Qxf6 {[%emt 0:00:04]} 10. Nf3 {[%emt 0:00:20]} h6 {[%emt 0:00:04]} 11. Qc2 {[%emt 0:00:58]} Bd6 {[%emt 0:00:50]} 12. Bg6+ {[%emt 0:00:23]} Ke7 {[%emt 0:00:06]} 13. a3 {[%emt 0:00:20]} Rd8 {[%emt 0:00:25]} 14. Be3 {[%emt 0:00:43]} Nf8 {[%emt 0:03:30]} 15. Bd3 {[%emt 0:00:25]} Kf7 {[%emt 0:00:28]} 16. O-O {[%emt 0:02:27]} Kg8 {[%emt 0:00:07]} 17. Qd2 {[%emt 0:00:29]} e5 {[%emt 0:03:48]} 18. dxe5 {[%emt 0:00:56]} Nxe5 {[%emt 0:00:06]} 19. Nxe5 {[%emt 0:00:14]} Bxe5 {[%emt 0:00:37]} 20. Bd4 {[%emt 0:10:22]} 1/2-1/2

[Event "Opocensky Memorial 2019"]
[Site "Prague"]
[Date "2019.06.23"]
[Round "2.2"]
[White "Neuman, Petr"]
[Black "Kourousis, Epaminondas"]
[Result "1/2-1/2"]
[WhiteElo "2395"]
[BlackElo "2394"]
[Annotator "NA"]
[PlyCount "21"]
[EventDate "2019.06.22"]
[EventType "tourn"]
[EventCountry "CZE"]
[SourceTitle "playchess.com"]
[Source "ChessBase"]
[SourceQuality "1"]
[TimeControl "5400+30"]

1. e4 {[%emt 0:00:00]} c5 {[%emt 0:00:00]} 2. Be2 {[%emt 0:00:35]} Nc6 {[%emt 0:00:00]} 3. c3 {[%emt 0:00:18]} Nf6 {[%emt 0:00:14]} 4. d3 {[%emt 0:00:10]} d5 {[%emt 0:06:22]} 5. Nd2 {[%emt 0:01:43]} Qc7 {[%emt 0:01:31]} 6. Ngf3 {[%emt 0:00:15]} e6 {[%emt 0:01:01]} 7. O-O {[%emt 0:01:12]} Be7 {[%emt 0:01:13]} 8. a3 {[%emt 0:06:16]} O-O {[%emt 0:00:48]} 9. Re1 {[%emt 0:06:16]} Rd8 {[%emt 0:05:23]} 10. Qc2 {[%emt 0:01:11]} b6 {[%emt 0:04:18]} 11. Bf1 {[%emt 0:03:04]} 1/2-1/2

[Event "Opocensky Memorial 2019"]
[Site "Prague"]
[Date "2019.06.23"]
[Round "2.3"]
[White "Sergeev, Vladimir"]
[Black "Ivanov, Mikhail M"]
[Result "1/2-1/2"]
[WhiteElo "2411"]
[BlackElo "2366"]
[Annotator "NA"]
[PlyCount "20"]
[EventDate "2019.06.22"]
[EventType "tourn"]
[EventCountry "CZE"]
[SourceTitle "playchess.com"]
[Source "ChessBase"]
[SourceQuality "1"]
[TimeControl "5400+30"]

1. d4 {[%emt 0:18:10]} d5 {[%emt 0:00:00]} 2. c4 {[%emt 0:00:13]} c6 {[%emt 0:00:01]} 3. cxd5 {[%emt 0:00:14]} cxd5 {[%emt 0:00:05]} 4. Nc3 {[%emt 0:00:06]} Nc6 {[%emt 0:00:05]} 5. Nf3 {[%emt 0:00:09]} Nf6 {[%emt 0:00:05]} 6. Bf4 {[%emt 0:00:07]} a6 {[%emt 0:00:25]} 7. e3 {[%emt 0:00:04]} Bg4 {[%emt 0:00:10]} 8. Be2 {[%emt 0:00:04]} e6 {[%emt 0:00:04]} 9. O-O {[%emt 0:00:06]} Bd6 {[%emt 0:00:06]} 10. Bxd6 {[%emt 0:00:07]} Qxd6 {[%emt 0:00:06]} 1/2-1/2

[Event "Opocensky Memorial 2019"]
[Site "Prague"]
[Date "2019.06.23"]
[Round "2.4"]
[White "Sahidi, Samir"]
[Black "Burdalev, Kirill"]
[Result "0-1"]
[WhiteElo "2380"]
[BlackElo "2385"]
[Annotator "NA"]
[PlyCount "96"]
[EventDate "2019.06.22"]
[EventType "tourn"]
[EventCountry "CZE"]
[SourceTitle "playchess.com"]
[Source "ChessBase"]
[SourceQuality "1"]
[TimeControl "5400+30"]

1. d4 {[%emt 1:30:30]} d5 {[%emt 1:30:30]} 2. c4 {[%emt 0:00:30]} c6 {[%emt 0:00:30]} 3. Nf3 {[%emt 0:00:30]} Nf6 {[%emt 0:00:30]} 4. e3 {[%emt 0:00:30]} Bf5 {[%emt 0:00:30]} 5. Qb3 {[%emt 0:00:30]} Qb6 {[%emt 0:00:30]} 6. Nc3 {[%emt 0:00:30]} e6 {[%emt 0:00:30]} 7. Be2 {[%emt 0:00:30]} Nbd7 {[%emt 0:00:30]} 8. O-O {[%emt 0:00:30]} h6 {[%emt 0:00:30]} 9. Qxb6 {[%emt 0:00:30]} axb6 {[%emt 0:00:30]} 10. Bd2 {[%emt 0:00:30]} Bd6 {[%emt 0:00:30]} 11. Rac1 {[%emt 0:00:30]} dxc4 {[%emt 0:00:30]} 12. Bxc4 {[%emt 0:00:30]} b5 {[%emt 0:00:30]} 13. Bb3 {[%emt 0:00:30]} O-O {[%emt 0:00:30]} 14. Rfe1 {[%emt 0:00:30]} Ne4 {[%emt 0:00:30]} 15. a3 {[%emt 0:00:30]} Nb6 {[%emt 0:00:30]} 16. h3 {[%emt 0:00:30]} Rfd8 {[%emt 0:00:30]} 17. g4 {[%emt 0:00:30]} Bg6 {[%emt 0:00:30]} 18. Bc2 {[%emt 0:00:30]} Nxd2 {[%emt 0:00:30]} 19. Nxd2 {[%emt 0:00:30]} Bxc2 {[%emt 0:00:30]} 20. Rxc2 {[%emt 0:00:30]} e5 {[%emt 0:00:30]} 21. Nf3 {[%emt 0:00:30]} exd4 {[%emt 0:00:30]} 22. Nxd4 {[%emt 0:00:30]} Be5 {[%emt 0:00:30]} 23. Nce2 {[%emt 0:00:30]} Nd5 {[%emt 0:00:30]} 24. Nf3 {[%emt 0:00:30]} Bc7 {[%emt 0:00:30]} 25. Nc3 {[%emt 0:00:30]} Ba5 {[%emt 0:00:30]} 26. b4 {[%emt 0:00:30]} Bb6 {[%emt 0:00:30]} 27. Nxd5 {[%emt 0:00:30]} Rxd5 {[%emt 0:00:30]} 28. Rc3 {[%emt 0:00:30]} Rad8 {[%emt 0:00:30]} 29. Kf1 {[%emt 0:00:30]} g6 {[%emt 0:00:30]} 30. Rec1 {[%emt 0:00:30]} f5 {[%emt 0:00:30]} 31. Ke2 {[%emt 0:00:30]} Kf7 {[%emt 0:00:30]} 32. Rd3 {[%emt 0:00:30]} Kf6 {[%emt 0:00:30]} 33. Rxd5 {[%emt 0:00:30]} Rxd5 {[%emt 0:00:30]} 34. gxf5 {[%emt 0:00:30]} gxf5 {[%emt 0:00:30]} 35. Rg1 {[%emt 0:00:30]} Kf7 {[%emt 0:00:30]} 36. Rd1 {[%emt 0:00:30]} Rxd1 {[%emt 0:00:30]} 37. Kxd1 {[%emt 0:00:30]} c5 {[%emt 0:00:30]} 38. Kd2 {[%emt 0:00:30]} c4 {[%emt 0:00:30]} 39. Kc3 {[%emt 0:00:30]} f4 {[%emt 0:00:30]} 40. exf4 {[%emt 0:00:30]} Bxf2 {[%emt 0:00:30]} 41. Kd2 {[%emt 0:00:30]} Ke6 {[%emt 0:00:30]} 42. Ke2 {[%emt 0:00:30]} Bb6 {[%emt 0:00:30]} 43. Kd2 {[%emt 0:00:30]} Kf5 {[%emt 0:00:30]} 44. Ne5 {[%emt 0:00:30]} Bc7 {[%emt 0:00:30]} 45. Nf7 {[%emt 0:00:30]} Kf6 {[%emt 0:00:30]} 46. Nxh6 {[%emt 0:00:30]} Bxf4+ {[%emt 0:00:30]} 47. Kc3 {[%emt 0:00:30]} Bxh6 {[%emt 0:00:30]} 48. a4 {[%emt 0:00:30]} bxa4 0-1

[Event "Opocensky Memorial 2019"]
[Site "Prague"]
[Date "2019.06.23"]
[Round "2.5"]
[White "Pulpan, Jakub"]
[Black "Plischki, Sebastian"]
[Result "1/2-1/2"]
[WhiteElo "2414"]
[BlackElo "2420"]
[Annotator "TA"]
[PlyCount "81"]
[EventDate "2019.06.22"]
[EventType "tourn"]
[EventCountry "CZE"]
[SourceTitle "playchess.com"]
[Source "ChessBase"]
[SourceQuality "1"]

{[%evp 12,81,39,47,44,37,43,26,19,34,39,31,21,23,37,44,61,66,71,1,16,10,91,81,158,163,143,162,245,252,254,262,262,252,257,255,176,138,161,0,185,116,104,0,0,0,0,0,13,8,24,17,18,-8,-8,-8,-8,-20,-20,-15,0,0,0,-8,-8,-8,-6,-8,-10,-14,-14,-25]} 1. e4 c5 2. Nf3 e6 3. d4 cxd4 4. Nxd4 Nf6 5. Nc3 Nc6 6. Ndb5 Bc5 7. Bf4 {Nc7+ is the strong threat.} O-O {B45: Sicilian Four Knights} 8. Bc7 Qe7 9. Bd6 $1 {[%cal Rd6e7]} Bxd6 {White has an edge.} 10. Qxd6 Qd8 11. O-O-O a6 12. Nd4 $1 Na5 $146 ({Predecessor:} 12... Qb6 13. e5 Ng4 14. Nxc6 bxc6 15. Bd3 {½-½ (66) Jakovenko,D (2730)-Pridorozhni,A (2571) Khanty-Mansiysk 2017}) 13. Qg3 b5 14. e5 Ne8 15. Ne4 (15. Bd3 $16) 15... Bb7 $11 16. Bd3 {Strongly threatening Ng5.} Qe7 (16... f5 $11 {remains equal.} 17. Nc5 Bd5) 17. Ng5 $1 $16 f5 ({Black should play} 17... g6) 18. exf6 $1 Nxf6 {[#]} 19. Rhe1 $1 {Black must now prevent Nf5!} g6 {[#]} (19... Qb4 $142) 20. Nf5 $1 $18 {[%cal Rf5e7][%mdl 512]} gxf5 (20... exf5 21. Rxe7) 21. Nxe6+ $1 {[%mdl 64] Discovered Attack} Kh8 22. Nxf8 Qxf8 23. Qc7 ({Much less strong is} 23. Bxf5 $6 Nc4 $16) 23... Qd8 24. Qd6 {[%mdl 1024] White has strong compensation.} Qf8 25. Qc7 ({Don't do} 25. Bxf5 $6 Bxg2 26. Qxf8+ Rxf8 $14) 25... Qd8 $1 {[%cal Rd8c7]} 26. Qc3 (26. Qe5 $18) 26... Rc8 $16 27. Re8+ (27. Qe5 $16) 27... Qxe8 $11 28. Qxf6+ {[%mdl 64] Double Attack} Kg8 29. Bxf5 Qf7 30. Qxf7+ Kxf7 31. Rxd7+ Kf6 {The position is equal.} 32. g4 {Threatens to win with Rxb7!} (32. Rxb7 $5 Kxf5 33. Rxh7 $11) 32... Re8 33. Bd3 Bf3 {Hoping for ...Nc4.} 34. b3 Bxg4 35. Rxh7 Ke5 36. a4 bxa4 37. Rh4 $132 {[%mdl 2048] White has counterplay} Bf3 38. Rxa4 Nc6 39. Bxa6 Rh8 40. Bb7 Rxh2 41. Bxc6 {Accuracy: White = 67%, Black = 63%.} 1/2-1/2

[Event "Opocensky Memorial 2019"]
[Site "Prague"]
[Date "2019.06.23"]
[Round "3.1"]
[White "Plischki, Sebastian"]
[Black "Sokolov, Alexander"]
[Result "1-0"]
[WhiteElo "2420"]
[BlackElo "2382"]
[Annotator "NA RC"]
[PlyCount "75"]
[EventDate "2019.06.22"]
[EventType "tourn"]
[EventCountry "CZE"]
[SourceTitle "playchess.com"]
[Source "ChessBase"]
[SourceQuality "1"]
[TimeControl "5400+30"]

1. d4 {[%emt 0:00:00]} Nf6 {[%emt 0:00:00]} 2. c4 {[%emt 0:00:00]} g6 {[%emt 0:00:00]} 3. g3 {[%emt 0:00:09]} Bg7 {[%emt 0:00:01]} 4. Bg2 {[%emt 0:00:10]} O-O {[%emt 0:00:10]} 5. Nc3 {[%emt 0:00:15]} d6 {[%emt 0:00:07]} 6. Nf3 {[%emt 0:00:09]} Nbd7 {[%emt 0:00:29]} 7. O-O {[%emt 0:00:17]} e5 {[%emt 0:00:18]} 8. e4 {[%emt 0:00:16]} c6 {[%emt 0:00:22]} 9. h3 {[%emt 0:00:18]} Re8 {[%emt 0:00:32]} 10. Be3 {[%emt 0:00:33]} a5 {[%emt 0:01:15]} 11. Qc2 {[%emt 0:02:01]} exd4 12. Nxd4 {[%emt 0:00:15]} Nc5 {[%emt 0:02:06]} 13. Rad1 {[%emt 0:01:11]} Qe7 {[%emt 0:01:40]} 14. Rfe1 {[%emt 0:00:34]} a4 {[%emt 0:00:59]} 15. f4 {[%emt 0:02:02]} Qc7 {[%emt 0:02:31]} 16. Bf2 {[%emt 0:08:30]} Qa5 {[%emt 0:01:10]} 17. Kh2 {[%emt 0:09:31]} Qb4 {[%emt 0:04:27]} 18. a3 {[%emt 0:05:17]} Qa5 {[%emt 0:00:16]} 19. Nf3 {[%emt 0:01:19]} Be6 {[%emt 0:03:19]} 20. Bxc5 {[%emt 0:04:48]} dxc5 {[%emt 0:18:45]} 21. e5 {[%emt 0:01:25]} Nd7 {[%emt 0:00:12]} 22. Ne4 {[%emt 0:05:06]} Bf5 {[%emt 0:02:32]} 23. Qe2 {[%emt 0:05:45]} Bxe4 {[%emt 0:02:19]} 24. Qxe4 {[%emt 0:00:17]} Rad8 {[%emt 0:02:13]} 25. h4 {[%emt 0:07:35]} Nf8 {[%emt 0:07:47]} 26. Bh3 {[%emt 0:01:26]} f6 {[%emt 0:04:54]} 27. h5 {[%emt 0:05:56]} fxe5 {[%emt 0:03:06]} 28. Rxd8 {[%emt 0:01:43]} Qxd8 {[%emt 0:01:10]} 29. hxg6 {[%emt 0:01:10]} hxg6 {[%emt 0:00:12]} 30. Re2 {[%emt 0:02:32]} Ne6 {[%emt 0:11:31]} 31. Qxg6 {[%emt 0:03:44]} Nf8 {[%emt 0:01:52]} 32. Qe4 {[%emt 0:02:20]} Ne6 {[%emt 0:00:12]} 33. Bxe6+ {[%emt 0:03:32]} Rxe6 {[%emt 0:00:06]} 34. Kg2 {[%emt 0:00:24]} Rh6 {[%emt 0:01:12]} 35. fxe5 {[%emt 0:01:58]} Qd1 {[%emt 0:01:43]} 36. Re1 {[%emt 0:00:51]} Qd7 {[%emt 0:00:53]} 37. e6 {[%emt 0:00:18]} Qe7 {[%emt 0:00:02]} 38. Nh4 {[%emt 0:00:49]} 1-0

[Event "Opocensky Memorial 2019"]
[Site "Prague"]
[Date "2019.06.23"]
[Round "3.2"]
[White "Burdalev, Kirill"]
[Black "Pulpan, Jakub"]
[Result "1/2-1/2"]
[WhiteElo "2385"]
[BlackElo "2414"]
[Annotator "TA"]
[PlyCount "59"]
[EventDate "2019.06.22"]
[EventType "tourn"]
[EventCountry "CZE"]
[SourceTitle "playchess.com"]
[Source "ChessBase"]
[SourceQuality "1"]

{[%evp 11,59,0,20,12,27,17,25,0,11,0,0,0,0,0,-8,-16,-12,-10,-7,-8,7,0,30,32,28,25,22,0,10,0,64,50,59,40,61,26,54,46,49,38,41,16,21,19,12,0,0,0,0,-117]} 1. d4 Nf6 2. Nf3 d5 3. Bf4 c5 4. e3 Nc6 5. Nbd2 e6 6. c3 cxd4 7. exd4 {D02: 1 d4 d5 2 Nf3 sidelines, including 2...Nf6 3 g3 and 2...Nf6 3 Bf4} Nh5 8. Be3 (8. Bg5 f6 9. Be3 Bd6 10. g3 O-O 11. Nh4 g6 12. Be2 Ng7 13. O-O e5 14. dxe5 fxe5 {½-½ (59) Aronian,L (2767)-Nakamura,H (2777) chess.com INT 2018}) 8... Bd6 9. Ne5 {White has an edge.} g6 10. Bb5 O-O 11. Ndf3 f6 $146 ({Predecessor:} 11... Qc7 12. Bh6 Ng7 13. Qe2 a6 14. Ba4 Nxd4 15. cxd4 {½-½ (45) Luanja,G (2300)-Van Zyl Rudd,J (2133) Port Elizabeth 2018}) 12. Nxc6 bxc6 13. Bxc6 Rb8 14. b4 Qc7 15. b5 $1 a6 16. a4 $36 {[%mdl 2048] White is more active.} axb5 17. Bxb5 Qxc3+ 18. Bd2 Qc7 $1 19. Rc1 Qf7 20. O-O Nf4 ({Better is} 20... Bd7 $11) 21. Rc6 $14 Qe7 22. Re1 g5 23. Bxf4 gxf4 24. Nh4 {[#] Hoping for Qg4+.} f5 25. Qh5 Bd7 $1 {[%cal Rd7e8] And now ...Be8 would win.} 26. Rxd6 Qxd6 {The position is equal.} 27. Qg5+ Kh8 {[#]} 28. Ng6+ $1 {[%mdl 512]} hxg6 $17 29. Qh6+ $1 Kg8 30. Qxg6+ {Accuracy: White = 71%, Black = 69%.} 1/2-1/2